000 00464nab a2200145Ia 4500
003 ES-SlBCS
005 20210601124324.0
008 140529s1993 xxu||||| |||| 00| 0 eng d
041 _aeng
100 1 _aFeinberg, Walter
_9139155
245 0 0 _aDewey and Democracy at the Dawn of the Twenty-first Century
_c Walter Feinberg
600 1 _aDewey, John-Democracia
_9139720
773 0 _tEducational Theory
_gvol. 43, nº. 2, 1993, págs. 195-216
_wRev1399
942 _cAR
999 _c512927
_d512927